Fragmenta selecta

Saved in:
Bibliografiske detaljer
Main Authors: Aristóteles, 384 a.C.- 322 a.C (Author), Ross, W. D (Author)
Format: Bog
Sprog:engelsk
græsk
Udgivet: Londres Oxford University Press 1955
Serier:Scriptorum classicorum bibliotheca axoniensis
Fag:
Tags: Tilføj Tag
Ingen Tags, Vær først til at tagge denne postø!

MARC

LEADER 00000nam a2200000 a 4500
001 UCY6291
003 CL-VaPUC
008 950521e19550000UK |||||||||||||||||eng|d
041 0 7 |a eng  |2 CL-VaPUC 
041 0 7 |a gre  |2 CL-VaPUC 
082 0 4 |a 185  |b ARI  |2 21 
100 |a Aristóteles,  |d 384 a.C.- 322 a.C.  |e author  |9 194 
700 0 |a Ross, W. D  |e author  |9 336148 
245 1 0 |a Fragmenta selecta 
300 |a 159 p 
942 |c BK 
945 |d 19950521 00:00:00  |a oaravena 
260 |a Londres  |b Oxford University Press  |c 1955 
600 0 |a Aristóteles,  |d 384 a.C.- 322 a.C.  |9 194 
650 0 |a Filosofía   |9 223554 
650 0 |a Filosofía antigua   |9 255705 
650 7 |a HOMBRE  |2 CL-VaPUC  |9 262149 
650 0 |a Ética  |9 255099 
650 0 |a Metafísica  |9 265649 
651 0 |a Grecia  |9 265314 
583 |a last modification  |c 19950521 00:00:00  |k Rodrigo Vera 
490 0 |a Scriptorum classicorum bibliotheca axoniensis 
999 |c 233867  |d 233865 
952 |0 0  |1 0  |4 0  |6 185_000000000000000_ARI_1955  |7 0  |8 P  |9 239666  |a BIBEDU  |b BIBEDU  |c BIBEDU_PB  |d 2019-11-18  |i 150679K  |o 185 ARI 1955  |p 150679K  |r 2024-01-25  |w 2019-11-18  |y BK  |k FIL